Statistics for Famous business slogans

Click here to take the quiz!

General Stats

  • This quiz has been taken 40 times
  • The average score is 5 of 12

Answer Stats

SloganAnswer% Correct
I'm lovin' itmcdonalds
94%
Nobody Out-Pizzas the Hutpizza hut
89%
Like a good neighbor, ----- ---- is therestate farm
63%
Liberty Liberty Liberty, Libertyliberty mutual
51%
Love that chicken from -------popeyes
37%
For a great ol' rate you can get online, go to the ------- and save some timethe general
34%
Fresh, Never Frozenwendys
34%
Live -------- Clearclaritin
20%
Be your wayburger king
17%
Oh, Oh, Oh, -------ozempic
17%
Love the Skin your inolay
11%
Say yes with ------allegra
6%

Score Distribution

Percentile by Number Answered

Percent of People with Each Score

Your Score History

You have not taken this quiz